000 00198nam a22000977a 4500
041 _aeng
080 _a80
100 _aLicklider, Patricia
245 _aBuilding a College Vocabulary.
999 _c281634
_d281634
942 _cBK